000 00433nam a2200133Ia 4500
005 20260209120139.0
008 260209s9999||||xx |||||||||||||| ||und||
100 _aVipasha Ghangoria
245 0 _aCommercial disputes and arbitration
260 _aBangaloreBangalore
_bNLSIU
_c2017
300 _a109 p. ; 25 cm.
700 _aDr. S B N Prakash - GuideDr. S B N Prakash - Guide
856 _uhttps://dans.nls.ac.in/handle/123456789/1556
999 _c217338
_d217338